000 01739nam a2200409 a 4500
001 ebr5002270
003 CaPaEBR
006 m u
007 cr cn|||||||||
008 000710s2001 maua s 001 0 eng
010 _z 00010364
020 _z0807031267 (acid-free paper)
040 _aCaPaEBR
_cCaPaEBR
035 _a(OCoLC)70763287
050 1 4 _aE184.A1
_bM7 2001eb
082 0 4 _a512/.071/073
_221
100 1 _aMoses, Robert Parris.
245 1 0 _aRadical equations
_h[electronic resource] :
_bmath literacy and civil rights /
_cRobert P. Moses and Charles E. Cobb, Jr.
260 _aBoston :
_bBeacon Press,
_cc2001.
300 _axv, 233 p. :
_bill.
500 _aIncludes index.
533 _aElectronic reproduction.
_bPalo Alto, Calif. :
_cebrary,
_d2013.
_nAvailable via World Wide Web.
_nAccess may be limited to ebrary affiliated libraries.
650 0 _aMinorities
_xCivil rights
_zUnited States.
650 0 _aMinorities
_xEducation
_zUnited States.
650 0 _aAlgebra
_xStudy and teaching (Middle school)
_zUnited States.
650 0 _aMathematics
_xStudy and teaching (Middle school)
_zUnited States.
650 0 _aLiteracy
_zUnited States.
650 0 _aSocial justice
_zUnited States.
650 0 _aAfrican Americans
_xCivil rights
_zSouthern States
_xHistory
_y20th century.
650 0 _aCivil rights movements
_zSouthern States
_xHistory
_y20th century.
651 0 _aUnited States
_xSocial conditions
_y1980-
651 0 _aUnited States
_xRace relations.
655 7 _aElectronic books.
_2local
700 1 _aCobb, Charles E.,
_cJr.
710 2 _aebrary, Inc.
856 4 0 _uhttp://site.ebrary.com/lib/rucke/Doc?id=5002270
_zAn electronic book accessible through the World Wide Web; click to view
999 _c1668
_d1668